Państwa nieuznawane - Statystyki

Ogólne statystyki
  • Ten quiz został rozwiązany 1 386 razy
  • Średni wynik to 7 z 15
Statystyki odpowiedzi
Poziom uznania Status w ONZ JetPunk Państwo % Poprawnych
8 Nieuznawane przez 83 państwa Członek dwóch agencji tak Kosowo
75%
2 Nieuznawane przez Koreę Północną Członek tak Korea Południowa
69%
3 Nieuznawane przez Turcję Członek tak Cypr
61%
4 Nieuznawane przez Koreę Południową i Japonię Członek tak Korea Północna
60%
7 Nieuznawane przez 51 państw, głównie zachodnich Obserwator nie Palestyna
54%
6 Nieuznawane przez 32 państwa, głównie muzułmańskie Członek tak Izrael
53%
10 Uznawane przez 20 państw, głównie w Ameryce Środkowej i Oceanii Członek jednej agencji tak Tajwan
53%
13 Uznawane tylko przez Turcję Brak nie Cypr Północny
37%
15 Uznawane tylko przez #11, #12 i #14 Brak nie Naddniestrze
37%
9 Uznawane przez 45 państw, głównie afrykańskich Brak nie Sahara Zachodnia
36%
12 Uznawane przez Rosję, Nauru, Nikaraguę i Wenezuelę Brak nie Abchazja
34%
11 Uznawane przez Rosję, Nauru, Nikaraguę i Wenezuelę Brak nie Osetia Południowa
33%
5 Nieuznawane przez państwa uznające #10 Członek tak Chińska Republika Ludowa
29%
1 Nieuznawane przez Pakistan Członek tak Armenia
20%
14 Uznawane tylko przez #11, #12 i #15 Brak nie Górski Karabach
20%
Nie znaleziono quizów pasujących do podanych kryteriów
Rozkład punktacji
Procent ludzi z każdym wynikiem
Percentyl według liczby udzielonych odpowiedzi
Twoja historia wyników
Nie rozwiązałeś tego quizu